000 00478nam a22001697a 4500
005 20240828141711.0
008 240724b |||||||| |||| 00| 0 eng d
020 _a9781285452340
082 _a658.404
_bSCH-I
100 _aSchwalbe,Kathy
245 _aInformation Technology Project Management /
_cKathy Schwalbe
260 _aUSA:
_bWiley;
_c2016.
300 _axxi, 650 p. :
_bill;.
_c24 cm.
500 _ainclude index.
650 _aInformation Technology
999 _c36202
_d36202